Assassin's Creed General Knowledge - Statistics

General Stats
  • This quiz has been taken 65 times
  • The average score is 4 of 20
Answer Stats
Hint Answer % Correct
Which close friend of Ezio Auditore was also a famous inventor and painter? Leonardo da Vinci
95%
What weapon was removed from the original Assassin's Creed during development after it was deemed historically inaccurate? Crossbow
58%
What towers could Ezio Auditore ignite in Assassin's Creed: Brotherhood? Borgia Towers
35%
Who said "In a world without gold, we might've been heroes"? Blackbeard
33%
What is the most powerful type of ship that Edward Kenway can find across the Caribbean? Man o' War
33%
Assassin's Creed: Syndicate has three main weapon types. Name one of them. Cane-Sword / Kukri / Brass Knuckles
28%
What is the name of Alexios/Kassandra's ship in Assassin's Creed: Odyssey? Adrestia
25%
Name one of the four districts in Constantinople in Assassin's Creed: Revelations. Beyazid / Constantin / Galata / Imperial
18%
Who was the main composer of the music in the series until Assassin's Creed 3? Jesper Kyd
18%
What city in the Boeotia region of Greece in Assassin's Creed: Odyssey shares a name with an ancient Egyptian city? Thebes
18%
What member of the London Metropolitan Police aids Jacob and Evie Frye in their quest to defeat Crawford Starrick? Frederick Abberline
15%
What island north of Haiti can be upgraded and renovated in Assassin's Creed: Black Flag? Great Inagua
13%
Who did Shay Cormac attempt to kill in a New York City mansion before it was set ablaze? Hope Jensen
13%
What special elite soldiers of the Ottoman Empire attempt to hunt Ezio down in Assassin's Creed: Revelations? Janissaries
13%
What Caribbean island did Connor Kenway sail to in pursuit of Benjamin Church? Martinique
10%
What region in the southwest of the North Atlantic in Assassin's Creed: Rogue has a city within it of the same name? Halifax
8%
Which district in Assassin's Creed: Brotherhood contains the Colosseum? Antico (Old) District
5%
What desert at the very southern end of Assassin's Creed: Origins' Egypt is home to a mysterious Isu temple? Desheret Desert
5%
Who is the voice actor for Ezio Auditore? Roger Craig Smith
5%
What puzzles can be found across Paris in Assassin's Creed: Unity that are named after planets and stars? Nostradamus Enigmas
3%
No matching quizzes found
Score Distribution
Percent of People with Each Score
Percentile by Number Answered
Your Score History
You have not taken this quiz